[Event "Oberliga Baden 2122"]
[Site "Germany"]
[Date "2022.06.19"]
[Round "7.3"]
[White "Grosshans, Ralf Michael"]
[Black "Eisenbeiser, Amadeus"]
[Result "0-1"]
[WhiteElo "2080"]
[BlackElo "2389"]
[PlyCount "108"]
[EventDate "2021.10.10"]
[EventType "team-tourn"]
[EventRounds "11"]
[EventCountry "GER"]
[SourceTitle "EXT 2023"]
[Source "ChessBase"]
[SourceDate "2022.10.05"]
[SourceVersion "1"]
[SourceVersionDate "2022.10.05"]
[SourceQuality "1"]
[WhiteTeam "Kuppenheim"]
[BlackTeam "Buchen"]
[WhiteTeamCountry "GER"]
[BlackTeamCountry "GER"]

1. e4 c6 2. d3 d5 3. Nd2 e5 4. Ngf3 Bd6 5. d4 exd4 6. exd5 cxd5 7. Nxd4 Nc6 8. N2f3 Nf6 9. Be2 0-0 10. 0-0 Qb6 11. c3 a6 12. Qb3 Qc7 13. Bg5 Na5 14. Qc2 Ne4 15. Be3 Nc4 16. Bxc4 Qxc4 17. Nd2 Qc7 18. Nxe4 dxe4 19. h3 f5 20. f4 Bd7 21. Rad1 Rae8 22. Rd2 Bc8 23. g3 h6 24. Rg2 Rf6 25. Qd2 Ref8 26. Nc2 Be6 27. Bd4 R6f7 28. b3 Rd7 29. Qe3 b5 30. Rgf2 Qb7 31. Qe2 a5 32. Rb1 Qc6 33. Qe3 Rc8 34. Rg2 Rf7 35. Rd1 Bb8 36. Rgd2 Kh7 37. Rg2 Bd7 38. Rgd2 Be8 39. Rf1 Qe6 40. Rb1 Rd7 41. Rf2 Bh5 42. Qe1 Qg6 43. Kh2 Bf3 44. Qe3 Qh5 45. Ne1 Bg4 46. h4 g5 47. Ng2 Bf3 48. fxg5 Qg4 49. g6+ Kxg6 50. Nf4+ Kh7 51. Rbf1 Bxf4 52. Qxf4 Qxf4 53. gxf4 b4 54. Rc1 Rxd4 0-1

[Event "Oberliga Baden 1920"]
[Site "Baden"]
[Date "2020.01.19"]
[Round "5.3"]
[White "Lanka, Zigurds"]
[Black "Eisenbeiser, Amadeus"]
[Result "1/2-1/2"]
[WhiteElo "2504"]
[BlackElo "2383"]
[PlyCount "29"]
[EventDate "2019.09.29"]
[EventType "team-tourn"]
[EventRounds "9"]
[EventCountry "GER"]
[SourceTitle "CBM 195 Extra"]
[Source "ChessBase"]
[SourceDate "2020.05.31"]
[SourceVersion "1"]
[SourceVersionDate "2020.05.31"]
[SourceQuality "1"]
[WhiteTeam "Viernheim II"]
[BlackTeam "Buchen"]
[WhiteTeamCountry "GER"]
[BlackTeamCountry "GER"]

1. e4 d6 2. d4 g6 3. Nc3 Bg7 4. f4 e6 5. Nf3 Ne7 6. Bd3 0-0 7. Be3 a6 8. Qe2 Nbc6 9. 0-0-0 f5 10. e5 Nb4 11. Kb1 b5 12. Bf2 Nxd3 13. Qxd3 b4 14. Ne2 Nd5 15. Bh4 1/2-1/2

[Event "Oberliga Baden 1920"]
[Site "Baden"]
[Date "2019.10.20"]
[Round "2.3"]
[White "Eisenbeiser, Amadeus"]
[Black "Viennot, Dylan"]
[Result "1-0"]
[WhiteElo "2383"]
[BlackElo "2341"]
[PlyCount "149"]
[EventDate "2019.09.29"]
[EventType "team-tourn"]
[EventRounds "9"]
[EventCountry "GER"]
[SourceTitle "CBM 195 Extra"]
[Source "ChessBase"]
[SourceDate "2020.05.31"]
[SourceVersion "1"]
[SourceVersionDate "2020.05.31"]
[SourceQuality "1"]
[WhiteTeam "Buchen"]
[BlackTeam "Dreilaendereck"]
[WhiteTeamCountry "GER"]
[BlackTeamCountry "GER"]

1. e4 e6 2. d4 d5 3. Nd2 Nf6 4. e5 Nfd7 5. Bd3 c5 6. c3 Nc6 7. Ndf3 cxd4 8. cxd4 f6 9. exf6 Nxf6 10. Ne2 Bd6 11. 0-0 Qc7 12. Bg5 0-0 13. Bh4 Nh5 14. Bg3 Nxg3 15. hxg3 a6 16. Rc1 g6 17. Bb1 Qg7 18. Qd2 Bd7 19. Rcd1 Rf6 20. Ng5 h6 21. Nh3 Raf8 22. Nhf4 Be8 23. Qe3 Bf7 24. Nd3 Ne7 25. Ne5 Nf5 26. Qd2 g5 27. Nd7 Bh5 28. Nxf8 Rxf8 29. g4 Bxg4 30. f3 Bh5 31. g4 Nh4 32. gxh5 Nxf3+ 33. Rxf3 Rxf3 34. Qc2 Rf8 35. Qg6 Qxg6 36. Bxg6 Kg7 37. Rf1 Rxf1+ 38. Kxf1 Kf6 39. Kf2 g4 40. Ke3 Bh2 41. b3 b6 42. Be8 a5 43. Bd7 Kf5 44. Kf2 Bd6 45. Ng3+ Kf6 46. Nf1 Ba3 47. Ke3 Bc1+ 48. Kd3 Bf4 49. Ne3 g3 50. Ke2 Bd6 51. Kf3 Ba3 52. Ng4+ Ke7 53. Bb5 Bb2 54. Nxh6 Bxd4 55. Kxg3 Kd6 56. Nf7+ Kc5 57. Bd7 e5 58. h6 e4 59. Kf4 Bf6 60. Be6 b5 61. Ke3 Bd4+ 62. Kd2 Bf6 63. h7 d4 64. h8Q Bxh8 65. Nxh8 d3 66. Bf5 Kd4 67. Bxe4 Kxe4 68. Nf7 Kd4 69. Nd6 Kc5 70. Ne4+ Kb4 71. Nc3 Ka3 72. Kxd3 b4 73. Na4 Kxa2 74. Kc4 Ka3 75. Nc5 1-0

[Event "Buchen op 8th"]
[Site "Buchen"]
[Date "2019.09.06"]
[Round "1"]
[White "Steinbach, Peter"]
[Black "Eisenbeiser, Amadeus"]
[Result "0-1"]
[WhiteElo "1920"]
[BlackElo "2383"]
[PlyCount "62"]
[EventDate "2019.09.06"]
[EventType "swiss"]
[EventRounds "5"]
[EventCountry "GER"]
[SourceTitle "EXT 2020"]
[Source "ChessBase"]
[SourceDate "2019.10.17"]
[SourceVersion "1"]
[SourceVersionDate "2019.10.17"]
[SourceQuality "1"]

1. e4 d6 2. d4 g6 3. c4 Bg7 4. Nf3 e5 5. dxe5 dxe5 6. Nc3 Qxd1+ 7. Nxd1 f6 8. Bd3 Be6 9. Ne3 Nd7 10. 0-0 Nh6 11. b3 Nf7 12. Bb2 Bf8 13. Ne1 Bc5 14. N1c2 a5 15. a3 c6 16. b4 Be7 17. f3 0-0 18. Bc3 Rfd8 19. Rfd1 Nb6 20. Rab1 Rd7 21. Be2 Rad8 22. Rxd7 Rxd7 23. c5 Na4 24. Be1 axb4 25. axb4 b5 26. Na3 Ra7 27. Nec2 f5 28. g3 fxe4 29. h4 Bd5 30. Ne3 exf3 31. Bxb5 Be4 0-1

[Event "Oberliga Baden 1819"]
[Site "Baden"]
[Date "2019.02.03"]
[Round "6.3"]
[White "Kuehn, Peter"]
[Black "Eisenbeiser, Amadeus"]
[Result "1/2-1/2"]
[WhiteElo "2355"]
[BlackElo "2379"]
[PlyCount "43"]
[EventDate "2018.10.21"]
[EventType "team-tourn"]
[EventRounds "9"]
[EventCountry "GER"]
[SourceTitle "EXT 2020"]
[Source "ChessBase"]
[SourceDate "2019.10.17"]
[SourceVersion "1"]
[SourceVersionDate "2019.10.17"]
[SourceQuality "1"]
[WhiteTeam "Baden-Baden III"]
[BlackTeam "Buchen"]
[WhiteTeamCountry "GER"]
[BlackTeamCountry "GER"]

1. d4 d6 2. Nf3 g6 3. c3 Bg7 4. e4 Nd7 5. Bd3 e6 6. 0-0 Ne7 7. Re1 0-0 8. a4 a6 9. a5 h6 10. Nbd2 Nf6 11. e5 Ne8 12. Ne4 Bd7 13. Qe2 Bc6 14. h4 Nf5 15. g3 Qd7 16. Bf4 Bb5 17. c4 Bc6 18. g4 dxe5 19. dxe5 Nd4 20. Nxd4 Qxd4 21. Rad1 Bxe5 22. Bxh6 1/2-1/2

[Event "Oberliga Baden 1819"]
[Site "Baden"]
[Date "2018.10.21"]
[Round "1.2"]
[White "Nabavi, Parwis"]
[Black "Eisenbeiser, Amadeus"]
[Result "0-1"]
[WhiteElo "2208"]
[BlackElo "2379"]
[PlyCount "104"]
[EventDate "2018.10.21"]
[EventType "team-tourn"]
[EventRounds "9"]
[EventCountry "GER"]
[SourceTitle "EXT 2020"]
[Source "ChessBase"]
[SourceDate "2019.10.17"]
[SourceVersion "1"]
[SourceVersionDate "2019.10.17"]
[SourceQuality "1"]
[WhiteTeam "Dreisamtal"]
[BlackTeam "Buchen"]
[WhiteTeamCountry "GER"]
[BlackTeamCountry "GER"]

1. d4 d6 2. e4 g6 3. Nf3 Bg7 4. Be2 e6 5. c4 Ne7 6. Nc3 0-0 7. Bg5 h6 8. Be3 f5 9. Qd2 fxe4 10. Nxe4 Nf5 11. 0-0-0 Nc6 12. Kb1 Bd7 13. Ng3 Nxe3 14. fxe3 Ne7 15. Bd3 Nf5 16. Ne2 Bc6 17. Rhf1 Qf6 18. Nf4 Rae8 19. Ne2 h5 20. Ng3 Bh6 21. Nxf5 exf5 22. Rfe1 Re7 23. d5 Bd7 24. Qb4 b6 25. e4 fxe4 26. Rxe4 Rxe4 27. Bxe4 Re8 28. Bd3 Re3 29. Qc3 Qxc3 30. bxc3 Ba4 31. Bc2 Bxc2+ 32. Kxc2 Re2+ 33. Kb3 Rxg2 34. Nd4 Rxh2 35. Rg1 Kh7 36. Ne6 Rf2 37. Nxc7 Bf4 38. Nb5 h4 39. Nxa7 h3 40. c5 bxc5 41. a4 h2 42. Rh1 Rg2 43. a5 c4+ 44. Kxc4 Rg1 45. Rxh2+ Bxh2 46. Nb5 Ra1 47. Kb4 g5 48. Nd4 g4 49. Nb3 Rb1 50. a6 Bg1 51. Ka4 Rxb3 52. Kxb3 g3 0-1

[Event "AUT-chT 1718"]
[Site "Austria"]
[Date "2018.04.07"]
[Round "11.2"]
[White "Volkmann, Friedrich Karl"]
[Black "Eisenbeiser, Amadeus"]
[Result "1/2-1/2"]
[WhiteElo "2402"]
[BlackElo "2383"]
[PlyCount "77"]
[EventDate "2017.11.16"]
[EventType "team-tourn"]
[EventRounds "11"]
[EventCountry "AUT"]
[SourceTitle "EXT 2019"]
[Source "ChessBase"]
[SourceDate "2018.10.10"]
[SourceVersion "1"]
[SourceVersionDate "2018.10.10"]
[SourceQuality "1"]
[WhiteTeam "Wulkaprodersdorf"]
[BlackTeam "Goetzis"]
[WhiteTeamCountry "AUT"]
[BlackTeamCountry "AUT"]

1. d4 d6 2. e4 Nf6 3. Nc3 e5 4. Nf3 Nbd7 5. Bc4 Be7 6. a4 0-0 7. 0-0 exd4 8. Nxd4 Ne5 9. Ba2 Bd7 10. Re1 Nc6 11. Nde2 Be6 12. Nf4 Bxa2 13. Rxa2 Nb4 14. Ra3 c6 15. Rb3 a5 16. Nb1 Re8 17. Rg3 Bf8 18. Nc3 g6 19. h4 d5 20. exd5 Rxe1+ 21. Qxe1 Nbxd5 22. Nfxd5 Nxd5 23. Bg5 Qd7 24. Rd3 Re8 25. Qd2 Bb4 26. Nxd5 cxd5 27. c3 Bf8 28. b3 Re5 29. Bf6 Rf5 30. Bd4 h5 31. Qe2 Bg7 32. Re3 Bxd4 33. cxd4 Qc6 34. g3 Qf6 35. Qd2 Rf3 36. Kg2 Rxe3 37. Qxe3 Qf5 38. Qe8+ Kh7 39. f3 1/2-1/2

[Event "AUT-chT 1718"]
[Site "Austria"]
[Date "2018.04.06"]
[Round "10.5"]
[White "Eisenbeiser, Amadeus"]
[Black "Kuljasevic, Davorin"]
[Result "1/2-1/2"]
[WhiteElo "2383"]
[BlackElo "2555"]
[PlyCount "86"]
[EventDate "2017.11.16"]
[EventType "team-tourn"]
[EventRounds "11"]
[EventCountry "AUT"]
[SourceTitle "EXT 2019"]
[Source "ChessBase"]
[SourceDate "2018.10.10"]
[SourceVersion "1"]
[SourceVersionDate "2018.10.10"]
[SourceQuality "1"]
[WhiteTeam "Goetzis"]
[BlackTeam "St Veit"]
[WhiteTeamCountry "AUT"]
[BlackTeamCountry "AUT"]

1. e4 e5 2. Nf3 Nc6 3. Bc4 Bc5 4. 0-0 Nf6 5. d3 d6 6. a4 a5 7. c3 0-0 8. Bg5 Ne7 9. d4 Bb6 10. Nbd2 Ng6 11. dxe5 dxe5 12. Nh4 Nxh4 13. Bxh4 Qd6 14. Be2 Be6 15. Qc2 Qc5 16. b3 Nd7 17. Bc4 Rfe8 18. Bxe6 Rxe6 19. Nc4 Nf8 20. Rad1 c6 21. Bg3 Bc7 22. Ne3 Ree8 23. Rd2 Rad8 24. Rfd1 Rxd2 25. Rxd2 Rd8 26. Rxd8 Bxd8 27. Qd3 Bc7 28. h3 f6 29. Kf1 Kf7 30. Ke2 g6 31. f3 Qd6 32. Qxd6 Bxd6 33. Nc4 Bc7 34. Bf2 Ne6 35. Be3 Ke7 36. Kd3 Kd7 37. Na3 Bd6 38. Nc4 Bc7 39. Na3 h5 40. Ke2 Bd6 41. Nc4 Bc7 42. Na3 Bd6 43. Nc4 Bc7 1/2-1/2

[Event "Oberliga Baden 1718"]
[Site "Baden"]
[Date "2018.01.21"]
[Round "5.3"]
[White "Gasthofer, Alexander"]
[Black "Eisenbeiser, Amadeus"]
[Result "1-0"]
[WhiteElo "2419"]
[BlackElo "2388"]
[PlyCount "59"]
[EventDate "2017.10.08"]
[EventType "team-tourn"]
[EventRounds "9"]
[EventCountry "GER"]
[SourceTitle "EXT 2019"]
[Source "ChessBase"]
[SourceDate "2018.10.10"]
[SourceVersion "1"]
[SourceVersionDate "2018.10.10"]
[SourceQuality "1"]
[WhiteTeam "Bad Mergentheim"]
[BlackTeam "Buchen"]
[WhiteTeamCountry "GER"]
[BlackTeamCountry "GER"]

1. d4 d6 2. Nf3 g6 3. c4 Bg7 4. Nc3 e5 5. dxe5 dxe5 6. Qxd8+ Kxd8 7. Bd2 f6 8. 0-0-0 Nd7 9. g4 a5 10. Bg2 Ra6 11. Nb5 Nh6 12. g5 Nf7 13. gxf6 Bxf6 14. Nc3 Ke8 15. Ne4 Bg7 16. Nfg5 Nxg5 17. Bxg5 Rf8 18. Rd2 Nf6 19. Nc5 Ra7 20. Rhd1 Kf7 21. Be3 b6 22. Ne4 Ng4 23. Bg5 Be6 24. c5 Kg8 25. Rd8 bxc5 26. Be7 Rxd8 27. Rxd8+ Kf7 28. Bxc5 Bh6+ 29. e3 Ra6 30. h3 1-0

[Event "Baden-ch playoff 3-5"]
[Site "Baden"]
[Date "2017.09.22"]
[Round "3"]
[White "Eisenbeiser, Amadeus"]
[Black "Gschnitzer, Adrian"]
[Result "0-1"]
[WhiteElo "2391"]
[BlackElo "2322"]
[PlyCount "84"]
[EventDate "2017.09.01"]
[EventType "tourn"]
[EventRounds "3"]
[EventCountry "GER"]
[SourceTitle "CBM 180 Extra"]
[Source "ChessBase"]
[SourceDate "2017.10.06"]
[SourceVersion "1"]
[SourceVersionDate "2017.10.06"]
[SourceQuality "1"]

1. e4 e5 2. Nf3 Nc6 3. Bc4 Bc5 4. 0-0 Nf6 5. d3 a6 6. a4 d6 7. c3 Ba7 8. Be3 0-0 9. a5 Ne7 10. Nbd2 Ng6 11. d4 Qe7 12. Re1 Kh8 13. h3 c6 14. Qb3 d5 15. exd5 cxd5 16. dxe5 dxc4 17. Nxc4 Nd5 18. Bxa7 Rxa7 19. Nd6 Be6 20. c4 Ndf4 21. Qe3 Raa8 22. Rad1 f6 23. Rd4 fxe5 24. Nxe5 Qf6 25. Nxg6+ Nxg6 26. Nxb7 Bxh3 27. Nd6 Bxg2 28. Kxg2 Nh4+ 29. Rxh4 Qxh4 30. Qg3 Qf6 31. b3 Rad8 32. Rd1 Qe7 33. c5 Rf6 34. Kf1 Rdf8 35. Rd2 Rg6 36. Qd3 Qh4 37. Qd5 Rgf6 38. Ne4 Qh1+ 39. Ke2 Qf3+ 40. Ke1 Qh1+ 41. Ke2 Re8 42. Rd4 Rf4 0-1

[Event "Baden-ch op"]
[Site "Walldorf"]
[Date "2017.07.28"]
[Round "5"]
[White "Eisenbeiser, Amadeus"]
[Black "Heinrich, Thomas"]
[Result "1-0"]
[WhiteElo "2391"]
[BlackElo "2183"]
[PlyCount "83"]
[EventDate "2017.07.26"]
[EventType "swiss"]
[EventRounds "7"]
[EventCountry "GER"]
[SourceTitle "CBM 179 Extra"]
[Source "ChessBase"]
[SourceDate "2017.08.23"]
[SourceVersion "1"]
[SourceVersionDate "2017.08.23"]
[SourceQuality "1"]

1. e4 Nf6 2. e5 Nd5 3. d4 d6 4. Nf3 g6 5. c4 Nb6 6. exd6 cxd6 7. Nc3 Bg7 8. h3 0-0 9. Be2 Bf5 10. 0-0 d5 11. c5 Nc4 12. b3 Na5 13. Bf4 Nac6 14. Qd2 Be4 15. Rad1 Bxf3 16. Bxf3 Nxd4 17. Bxd5 Nbc6 18. b4 e6 19. Be4 f5 20. b5 fxe4 21. bxc6 bxc6 22. Bd6 Rf5 23. Nxe4 Qh4 24. Qe3 Nc2 25. Qd3 Nd4 26. Rfe1 Rf7 27. Qc4 e5 28. Rb1 Qf4 29. Rb7 Qf5 30. Reb1 Qe6 31. Rb8+ Rxb8 32. Rxb8+ Bf8 33. Qxe6 Nxe6 34. Bxe5 Rf5 35. Bd6 Kg7 36. Rb7+ Rf7 37. Be5+ Kg8 38. Nf6+ Rxf6 39. Bxf6 Bxc5 40. Be5 a5 41. Kf1 Bb4 42. Rb6 1-0

[Event "Baden-ch op"]
[Site "Walldorf"]
[Date "2017.07.28"]
[Round "4"]
[White "Gschnitzer, Adrian"]
[Black "Eisenbeiser, Amadeus"]
[Result "1-0"]
[WhiteElo "2322"]
[BlackElo "2391"]
[PlyCount "61"]
[EventDate "2017.07.26"]
[EventType "swiss"]
[EventRounds "7"]
[EventCountry "GER"]
[SourceTitle "CBM 179 Extra"]
[Source "ChessBase"]
[SourceDate "2017.08.23"]
[SourceVersion "1"]
[SourceVersionDate "2017.08.23"]
[SourceQuality "1"]

1. e4 e5 2. Nf3 Nc6 3. Bc4 Nf6 4. d3 Be7 5. 0-0 0-0 6. Re1 d6 7. c3 Na5 8. Bb5 a6 9. Ba4 b5 10. Bc2 c5 11. Nbd2 Nc6 12. Nf1 h6 13. Ng3 Be6 14. h3 Rc8 15. Nh2 d5 16. Qf3 Nh7 17. Nf5 Bg5 18. Ng4 d4 19. Qg3 Bxf5 20. exf5 Bh4 21. Qf3 Bf6 22. Bb3 Rc7 23. Bd5 Ne7 24. Be4 Kh8 25. Qg3 Qd6 26. f4 Nc6 27. Bxc6 Qxc6 28. fxe5 Bg5 29. Bxg5 hxg5 30. e6 fxe6 31. Ne5 1-0

[Event "AUT-chT 1617"]
[Site "Austria"]
[Date "2017.04.21"]
[Round "10.3"]
[White "Rotstein, Arkadij"]
[Black "Eisenbeiser, Amadeus"]
[Result "0-1"]
[WhiteElo "2501"]
[BlackElo "2387"]
[PlyCount "100"]
[EventDate "2016.10.20"]
[EventType "team-tourn"]
[EventRounds "11"]
[EventCountry "AUT"]
[SourceTitle "CBM 177 Extra"]
[Source "ChessBase"]
[SourceDate "2017.04.27"]
[SourceVersion "1"]
[SourceVersionDate "2017.04.27"]
[SourceQuality "1"]
[WhiteTeam "Absam"]
[BlackTeam "Goetzis"]
[WhiteTeamCountry "AUT"]
[BlackTeamCountry "AUT"]

1. c4 g6 2. g3 Bg7 3. Bg2 e5 4. Nc3 Ne7 5. d3 0-0 6. h4 h6 7. h5 g5 8. f4 exf4 9. gxf4 g4 10. e4 f5 11. Nge2 d6 12. Be3 Nd7 13. Qd2 c6 14. 0-0-0 Nf6 15. e5 Ne8 16. d4 d5 17. cxd5 cxd5 18. Bf2 Be6 19. Bh4 Rf7 20. Bxe7 Rxe7 21. Ng3 Bf8 22. Kb1 Ng7 23. Rc1 Rc7 24. Nb5 Rc6 25. Qd3 a6 26. Rxc6 bxc6 27. Nc3 Qa5 28. Rc1 Be7 29. Nd1 Qb6 30. Ne3 Rf8 31. Qc3 Rd8 32. Qc2 Rb8 33. b3 Ba3 34. Rd1 Rf8 35. Bf1 a5 36. Bd3 Qxd4 37. Nexf5 Qxf4 38. Nh4 Qxg3 39. Bh7+ Kf7 40. Rf1+ Nf5 41. Nxf5 Qxe5 42. Nd4+ Ke7 43. Rd1 Bd7 44. Qc3 Kd6 45. Qxa5 Bc5 46. Nc2 g3 47. b4 Bf2 48. b5 Rb8 49. a4 g2 50. Nb4 Qc3 0-1

[Event "Vlissingen HZ op 20th"]
[Site "Vlissingen"]
[Date "2016.08.08"]
[Round "4"]
[White "Eisenbeiser, Amadeus"]
[Black "Ducarmon, Renzo"]
[Result "1/2-1/2"]
[WhiteElo "2416"]
[BlackElo "2091"]
[PlyCount "60"]
[EventDate "2016.08.06"]
[EventType "swiss"]
[EventRounds "9"]
[EventCountry "NED"]
[SourceTitle "CBM 173 Extra"]
[Source "ChessBase"]
[SourceDate "2016.08.29"]
[SourceVersion "1"]
[SourceVersionDate "2016.08.29"]
[SourceQuality "1"]

1. c4 Nf6 2. Nc3 g6 3. e4 d6 4. d4 Bg7 5. h3 0-0 6. Nf3 e5 7. d5 a5 8. Bg5 Na6 9. Bd3 Qe8 10. g4 c6 11. 0-0 Bd7 12. dxc6 bxc6 13. Be2 Qb8 14. Qc2 Be6 15. Rfd1 Rd8 16. Rd2 h6 17. Bh4 g5 18. Bg3 Nd7 19. Rad1 Bf8 20. Nh2 f6 21. Nf1 Nb6 22. Ne3 a4 23. h4 Qc7 24. Kg2 Qf7 25. Nb1 Nb4 26. Qc3 Nxa2 27. Qd3 Nb4 28. Qc3 Na2 29. Qd3 Nb4 30. Qc3 Na2 1/2-1/2

[Event "Oberliga Baden 1516"]
[Site "Baden"]
[Date "2016.04.10"]
[Round "9.2"]
[White "Wirthensohn, Heinz"]
[Black "Eisenbeiser, Amadeus"]
[Result "1/2-1/2"]
[WhiteElo "2323"]
[BlackElo "2369"]
[PlyCount "40"]
[EventDate "2015.09.20"]
[EventType "team-tourn"]
[EventRounds "9"]
[EventCountry "GER"]
[SourceTitle "EXT 2018"]
[Source "ChessBase"]
[SourceDate "2017.10.13"]
[SourceVersion "1"]
[SourceVersionDate "2017.10.13"]
[SourceQuality "1"]
[WhiteTeam "Waldshut Tiengen"]
[BlackTeam "Buchen"]
[WhiteTeamCountry "GER"]
[BlackTeamCountry "GER"]

1. Nf3 d6 2. d4 g6 3. c4 Bg7 4. Nc3 e5 5. e4 exd4 6. Nxd4 Nc6 7. Be3 Nge7 8. Nxc6 bxc6 9. Bd4 f6 10. c5 Be6 11. Be2 0-0 12. 0-0 Rb8 13. Qc2 d5 14. Rad1 Qe8 15. b3 Qf7 16. Rfe1 Rbd8 17. exd5 cxd5 18. Nb5 Nc6 19. Bc3 Rfe8 20. Nd4 Nxd4 1/2-1/2

[Event "AUT-chT 1516"]
[Site "Austria"]
[Date "2016.04.01"]
[Round "10.5"]
[White "Dizdar, Goran"]
[Black "Eisenbeiser, Amadeus"]
[Result "1/2-1/2"]
[WhiteElo "2502"]
[BlackElo "2373"]
[PlyCount "148"]
[EventDate "2015.11.05"]
[EventType "team-tourn"]
[EventRounds "11"]
[EventCountry "AUT"]
[SourceTitle "EXT 2017"]
[Source "ChessBase"]
[SourceDate "2016.10.25"]
[SourceVersion "1"]
[SourceVersionDate "2016.10.25"]
[SourceQuality "1"]
[WhiteTeam "Absam"]
[BlackTeam "Goetzis"]
[WhiteTeamCountry "AUT"]
[BlackTeamCountry "AUT"]

1. d4 d6 2. Nf3 g6 3. e4 Bg7 4. Bd3 e5 5. c3 Ne7 6. 0-0 0-0 7. h3 c6 8. Nbd2 exd4 9. cxd4 d5 10. Re1 Nd7 11. e5 Re8 12. Nb3 Nf8 13. Bg5 h6 14. Bd2 Bf5 15. Bf1 g5 16. Nc5 Qc8 17. Qb3 b6 18. Ba6 Qc7 19. Nd3 Ne6 20. Be3 Qd7 21. Rac1 Nc7 22. e6 Nxe6 23. Nde5 Qd6 24. Bb7 Rab8 25. Bxc6 Nxc6 26. Rxc6 Qd8 27. Rec1 Be4 28. Qd1 Rb7 29. R6c3 Qd6 30. a3 Rbb8 31. Rc6 Qe7 32. R6c3 Ra8 33. Qb3 Qb7 34. Qb5 Kh7 35. Qe2 f6 36. Nc6 f5 37. Qd1 f4 38. Bd2 Rac8 39. Qa4 a6 40. Nce5 b5 41. Qb4 Bf8 42. Qb3 Bg7 43. Qb4 Rxc3 44. Bxc3 Qc7 45. Bd2 Qe7 46. Bc3 Qxb4 47. axb4 Rc8 48. Ra1 Bxf3 49. Nxf3 Rc6 50. Re1 Kg6 51. g4 fxg3 52. fxg3 Bf6 53. Kf2 Ng7 54. Nd2 Nf5 55. Nb3 Kf7 56. g4 Ne7 57. Nc5 Ng6 58. Ra1 Nf4 59. Rxa6 Rxa6 60. Nxa6 Nxh3+ 61. Kf3 Bd8 62. Bd2 Bf6 63. Be3 Nf4 64. Nc7 Nd3 65. Nxd5 Nxb2 66. Ke4 Nc4 67. Bf2 Nd2+ 68. Kf5 Bd8 69. Bg3 Nf3 70. Ke4 Nd2+ 71. Kd3 Nc4 72. Nc3 Na3 73. Bd6 Kg6 74. Nd5 h5 1/2-1/2

[Event "Erfurt op 25th"]
[Site "Erfurt"]
[Date "2015.12.27"]
[Round "2"]
[White "Eisenbeiser, Amadeus"]
[Black "Barthel, Ansgar"]
[Result "1/2-1/2"]
[WhiteElo "2386"]
[BlackElo "2162"]
[PlyCount "99"]
[EventDate "2015.12.26"]
[EventType "swiss"]
[EventRounds "8"]
[EventCountry "GER"]
[SourceTitle "EXT 2017"]
[Source "ChessBase"]
[SourceDate "2016.10.25"]
[SourceVersion "1"]
[SourceVersionDate "2016.10.25"]
[SourceQuality "1"]

1. e4 Nf6 2. e5 Nd5 3. d4 d6 4. Nf3 dxe5 5. Nxe5 c6 6. Qf3 Be6 7. c3 Nd7 8. Nd3 g6 9. Nd2 Bg7 10. Ne4 0-0 11. Be2 N5f6 12. Nxf6+ Nxf6 13. Qg3 Bc4 14. 0-0 e6 15. Re1 Qa5 16. Bd1 Bxd3 17. Qxd3 c5 18. dxc5 Qxc5 19. Bf3 Nd5 20. Qe2 Rac8 21. g3 Rfd8 22. h4 h6 23. Rd1 b5 24. Bxd5 Rxd5 25. Be3 Qc4 26. Qxc4 Rxc4 27. Rxd5 exd5 28. Rd1 b4 29. Rxd5 bxc3 30. Rd8+ Kh7 31. bxc3 a5 32. Rd7 Kg8 33. Ra7 Bxc3 34. Bxh6 Ra4 35. Rc7 Bb2 36. Rc2 Rxa2 37. Kg2 a4 38. Be3 a3 39. Bd4 f5 40. Kf3 Kf7 41. Re2 Bxd4 42. Rxa2 Bb2 43. Ke3 Ke6 44. f3 Ke5 45. Kd3 Kd5 46. Kc2 Kd4 47. Rxb2 axb2 48. Kxb2 Ke3 49. g4 fxg4 50. fxg4 1/2-1/2

[Event "AUT-chT 1516"]
[Site "Austria"]
[Date "2015.11.06"]
[Round "2.1"]
[White "Eisenbeiser, Amadeus"]
[Black "Abel, Dennes"]
[Result "1/2-1/2"]
[WhiteElo "2373"]
[BlackElo "2441"]
[PlyCount "77"]
[EventDate "2015.11.05"]
[EventType "team-tourn"]
[EventRounds "11"]
[EventCountry "AUT"]
[SourceTitle "CBM 169 Extra"]
[Source "ChessBase"]
[SourceDate "2015.12.18"]
[SourceVersion "1"]
[SourceVersionDate "2015.12.18"]
[SourceQuality "1"]
[WhiteTeam "Goetzis"]
[BlackTeam "Wulkaprodersdorf"]
[WhiteTeamCountry "AUT"]
[BlackTeamCountry "AUT"]

1. e4 c6 2. d4 d5 3. Nc3 dxe4 4. Nxe4 Nf6 5. Nxf6+ gxf6 6. Nf3 Bf5 7. g3 e6 8. Bg2 Nd7 9. Qe2 Be7 10. Bh6 Qa5+ 11. c3 Rg8 12. a4 Bg4 13. h3 Bh5 14. b4 Qf5 15. Be3 Qd5 16. 0-0 f5 17. Bf4 Nf6 18. Qe3 Bxf3 19. Bxf3 Qd7 20. b5 Nd5 21. bxc6 bxc6 22. Qd2 Nxf4 23. Qxf4 Rg6 24. Qe5 Rc8 25. Rfe1 Kf8 26. Qh8+ Rg8 27. Qxh7 Bg5 28. Re2 Qe7 29. Bg2 Qf6 30. Qh5 f4 31. Qf3 fxg3 32. fxg3 Qxf3 33. Bxf3 c5 34. Kg2 cxd4 35. cxd4 Bf6 36. Rf1 Rc3 37. Bg4 Rg6 38. Rd1 Ra3 39. d5 1/2-1/2

[Event "AUT-chT 1516"]
[Site "Austria"]
[Date "2015.11.05"]
[Round "1.6"]
[White "Eisenbeiser, Amadeus"]
[Black "Schachinger, Mario"]
[Result "1-0"]
[WhiteElo "2373"]
[BlackElo "2451"]
[PlyCount "189"]
[EventDate "2015.11.05"]
[EventType "team-tourn"]
[EventRounds "11"]
[EventCountry "AUT"]
[SourceTitle "CBM 169 Extra"]
[Source "ChessBase"]
[SourceDate "2015.12.18"]
[SourceVersion "1"]
[SourceVersionDate "2015.12.18"]
[SourceQuality "1"]
[WhiteTeam "Goetzis"]
[BlackTeam "Maria Saal"]
[WhiteTeamCountry "AUT"]
[BlackTeamCountry "AUT"]

1. e4 e5 2. Nf3 Nc6 3. Bc4 Bc5 4. d3 Nf6 5. 0-0 d6 6. c3 a6 7. Bb3 Ba7 8. Nbd2 0-0 9. Re1 Ng4 10. Re2 Kh8 11. h3 Nh6 12. Nf1 f5 13. Bxh6 gxh6 14. exf5 Bxf5 15. Bd5 Qf6 16. Ng3 Bd7 17. Kh2 Rab8 18. d4 exd4 19. Bxc6 bxc6 20. Nxd4 c5 21. Nb3 Bb5 22. Rd2 Rbe8 23. Qc2 Qf4 24. Rc1 h5 25. c4 Bc6 26. Qc3+ Kg8 27. Kg1 h4 28. Nf1 Qg5 29. Ne3 Rf3 30. Qc2 Rexe3 31. fxe3 Qxe3+ 32. Rf2 Rg3 33. Kf1 Be4 34. Qd2 d5 35. Qxe3 Rxe3 36. Kg1 Bd3 37. Nd2 c6 38. Rf3 Rxf3 39. gxf3 Bb8 40. Rc3 Bf5 41. Kg2 Bf4 42. cxd5 Bxd2 43. Rxc5 Bb4 44. Rxc6 a5 45. a3 Be1 46. Rf6 Bd7 47. Rf4 Bg3 48. Re4 Kf7 49. f4 Kf6 50. b3 Bf5 51. Rc4 Ke7 52. b4 axb4 53. Rxb4 Kd6 54. a4 Be1 55. Rb6+ Kc5 56. Rb5+ Kd6 57. a5 Be4+ 58. Kg1 Bxd5 59. a6 Bc3 60. Rb6+ Bc6 61. Rb8 Kc7 62. Rb3 Bd4+ 63. Kf1 Bd5 64. Rb4 Bc5 65. Ra4 Ba7 66. f5 Bc6 67. Rxh4 Bb5+ 68. Kg2 Bxa6 69. Rxh7+ Kb6 70. Kf3 Bb8 71. h4 Kc5 72. h5 Bd3 73. Kg4 Kd6 74. Kg5 Ke5 75. Re7+ Kd6 76. Re6+ Kd7 77. h6 Ba7 78. Re1 Bc2 79. Re2 Bd3 80. Re1 Bc2 81. Kg6 Bb3 82. h7 Bd4 83. Rb1 Bc2 84. Rb8 Ke7 85. h8Q Bxh8 86. Rxh8 Bd3 87. Rh7+ Kf8 88. Kf6 Kg8 89. Rg7+ Kh8 90. Rd7 Bb5 91. Rd8+ Kh7 92. Ke7 Bc4 93. f6 Kg6 94. Rd4 Bb3 95. Rg4+ 1-0